000 00629cam a2200181 i 4500
005 20251210095800.0
008 250721s2015 le gr 000 0 ara d
082 1 4 _a216.25
_bه ا د
100 1 _aهادي، وليد بن
_eمؤلف.
245 1 0 _aالمختصر من فقه الحج و العمرة /
_cبقلم الدكتور وليد بن هادي.
264 3 1 _aبيروت :
_bدار الصالحية للنشر والتوزيع،
_c2015.
300 _a184صفحه.
650 1 7 _aالفقه الاسلامي.
650 1 7 _aالحج.
650 1 7 _aالعمرة.
942 _2ddc
_cBK
999 _c136467
_d136467